| 000 | 00868 a2200289 4500 | ||
|---|---|---|---|
| 999 |
_c4836 _d4836 |
||
| 020 | _a9780855984656 | ||
| 050 | _aHT 384 DEV 2002 | ||
| 245 | 0 | 0 |
_aDevelopment and cities/ _cedited by David Westendorff and Deborah Eade. _bessays from development in practice |
| 264 | 1 |
_aUK : _bOxfam ; _c2002. |
|
| 300 | _axii, 368p. | ||
| 500 | _aincludes index | ||
| 650 | 0 | _aAgriculture. | |
| 650 | 0 | _aMicrobial genetics. | |
| 650 | 0 | _aMicrobial genomics. | |
| 650 | 0 | _aMicrobiology. | |
| 650 | 0 | _aNutrition. | |
| 650 | 0 | _aPlant pathology. | |
| 650 | 1 | 4 | _aAgriculture. |
| 650 | 2 | 4 | _aApplied Microbiology. |
| 650 | 2 | 4 | _aEukaryotic Microbiology. |
| 650 | 2 | 4 | _aMicrobial Genetics and Genomics. |
| 650 | 2 | 4 | _aNutrition. |
| 650 | 2 | 4 | _aPlant Pathology. |
| 700 |
_aWestendorff, David G . _eeditor |
||
| 700 |
_aEade, Deborah _eeditor |
||
| 942 |
_2lcc _cBK _h384 _iWES _kHT |
||